Determinación de lagunas condiciones de operción en la obtección de lodos activados a escala de la boratorio mediante la utilización de aguas residuales domesticas.
En el presente trabajo se investigaron algunos parámetros que influye en la preparación y desarrollo de lodos activados en ensayo batch a nivel de laboratorio.
| Main Author: | |
|---|---|
| Other Authors: | |
| Format: | Tesis Section = Libro |
| Language: | Undetermined Spanish |
| Published: |
Managua
UNI
1991
|
| Subjects: |
| LEADER | 00891nam a2200205Ia 4500 | ||
|---|---|---|---|
| 008 | 240830s9999 xx 000 0 und d | ||
| 040 | |a CEDOC DACA-RUSB / Mon 628.3 V297 | ||
| 041 | |a spa | ||
| 082 | |a Mon 628.3 V297 | ||
| 100 | 1 | |a Vargas Hernández, Marcia Mercedes. | |
| 245 | 1 | 0 | |a Determinación de lagunas condiciones de operción en la obtección de lodos activados a escala de la boratorio mediante la utilización de aguas residuales domesticas. |
| 260 | |a Managua |b UNI |c 1991 | ||
| 300 | |a 61 p. :il | ||
| 502 | |a Tesis (Ingeniero Químico) -UNI, 1991. | ||
| 520 | 3 | |a En el presente trabajo se investigaron algunos parámetros que influye en la preparación y desarrollo de lodos activados en ensayo batch a nivel de laboratorio. | |
| 650 | 7 | |a TRATAMIENTO Y ELIMINACION DE AGUAS NEGRAS | |
| 700 | 1 | |a Tutor: |b Duindam, Peter | |
| 942 | |c BK |2 ddc | ||
| 991 | |a TESIS | ||
| 999 | |c 25960 | ||